000 00784nam a2200253Ia 4500
003 OSt
005 20251229143259.0
008 220923b |||||||| |||| 00| 0 eng d
020 _a0226156427
037 _cGeneral Book
040 _aRTL
_cRTL
_beng
041 _2eng
_aeng
084 _aY:3(S5), P0
_qRTL
100 _aDoniger Wendy
_9255168
245 0 _aBedtrick: tales of sex and masquerade
_b
260 _aChicago
_bUniversity of Chicago Press
_c2000
300 _axxxi, 598 p.
_bIncludes bibliographical references and index.
490 _aWorld of Desire
500 _aBibliography: P 535-76
650 _a Sex
_931676
650 _aSociology
_9860093
942 _hY:3(S5), P0
_cGB
_2CC
_n0
999 _c500803
_d500803